The economics of agricultural development

Na minha lista:
Detalhes bibliográficos
Autor principal: Mellor, John Williams
Formato: Livro
Publicado em: Ithaca, N.Y., Cornell University Press [1966]
Assuntos:
Tags: Adicionar Tag
Sem tags, seja o primeiro a adicionar uma tag!

MARC

LEADER 00000cam a22000001 4500
020 |a NA  |c NA 
040 |a MUL  |b eng.  |e AACR 
082 |a 338.16 MEL 
100 1 |a Mellor, John Williams, 
245 1 4 |a The economics of agricultural development  |c [by] John W. Mellor. 
260 |a Ithaca, N.Y.,  |b Cornell University Press  |c [1966] 
300 |a xiv, 403 p.  |b illus.  |c 24 cm. 
504 |a Includes bibliographies. 
546 |a eng. 
650 0 |a Agriculture 
942 |c BK 
999 |c 8592  |d 8592